Home Print Resources E-Books E-Journals IIMT Lecture Series Library Membership Form Book Recommendation Form Campus Tour Take AdmissionAbout Us Contact Us

Head Start NUMBER (Record no. 27941)

000 -LEADER
fixed length control field 00208nam a2200085Ia 4500
008 - FIXED-LENGTH DATA ELEMENTS--GENERAL INFORMATION
fixed length control field 170620s9999 xx 000 0 und d
100 ## - MAIN ENTRY--PERSONAL NAME
Personal name Clarke- Shirley
245 #0 - TITLE STATEMENT
Title Head Start NUMBER
260 ## - PUBLICATION, DISTRIBUTION, ETC.
Name of publisher, distributor, etc. London : Brockhampton Press
300 ## - PHYSICAL DESCRIPTION
Extent 24
Holdings
Withdrawn status Lost status Source of classification or shelving scheme Damaged status Not for loan Home library Current library Date acquired Source of acquisition Total Checkouts Barcode Date last seen Price effective from Koha item type
          IIMT University College of Education-BTC IIMT University College of Education-BTC 09/05/2010 34   16-B-1027 06/30/2017 06/30/2017 Text-Book- for 7 days
IIMT, Central Library. All Rights Reserved IIMT,UNIVERSITY © 2023
Implemented and Customised by I CLOUDE EMS
You Are OPAC Visitor No
free web counter

Powered by Koha